02173nam a22001937a 450000500170000000800410001704000080005804100070006608200110007310001330008424501260021726000320034330000070037552008750038265005990125794200180185699900170187495200880189120150518153934.0150518b xxu||||| |||| 00| 0 eng d aANE aEs aTV-730 aRomo, María Paulaedecana de la Facultad de Ciencias Sociales de la Universidad Internacional y ex asambleísta constituyente a“No tengo grandes expectativas de que esto cambie, porque la composición de la Asamblea no va a variar”, dice Romo  aQuitobTeleramac2015-05-18 ap. aMaría Paula Romo, decana de la Facultad de Ciencias Sociales de la Universidad Internacional y ex asambleísta constituyente, dio su punto de vista sobre la reciente reelección de las autoridades de la Asamblea Nacional, que seguirá encabezada por las 3 mujeres (Rivadeneira, Aguiñaga y Alvarado) por dos años más. Por un lado, para Romo es un gran avance el que ahora sean mujeres quienes presiden el Parlamento, pues se están garantizando los derechos sin discriminación alguna, pero por el otro, “esta Asamblea será recordada por las reformas aprobadas que significan un retroceso para la nación”. Romo indicó que el problema con la oposición es que no se encuentra bien definida, por lo que no existe un acuerdo para llevar a cabo otros proyectos. “Hay que tener una mirada más atenta de lo que pasa en la Asamblea”, concluyó.  aCriterios oposición/decana Facultad Ciencias Sociales Universidad Internacional ex asambleísta constituyente/asamblea Nacional/Alianza País/ex asambleísta constituyente dio punto vista sobre reciente reelección autoridades asamblea Nacional/seguirá encabezada por tres mujeres dos años más/para Romo gran avance mujeres presiden parlamento/garantizados derechos sin discriminación alguna/por otro lado/Asamblea será recordada reformas aprobadas/significan retroceso nación/problema oposición no se encuentra bién definida/no existe acuerdo llevar cabo otros proyectos/ 2ddccVMzIES. c28808d28808 00102ddc4070aAN01bAN01d2015-05-18oTV-730pTV-730r2015-05-18w2015-05-18yVM